Mathematics for elementary teachers : (Record no. 39286)
[ view plain ]
| 000 -LEADER | |
|---|---|
| fixed length control field | 00723pam a2200241 a 4500 |
| 001 - CONTROL NUMBER | |
| control field | 16529106 |
| 005 - DATE AND TIME OF LATEST TRANSACTION | |
| control field | 20171221085350.0 |
| 008 - FIXED-LENGTH DATA ELEMENTS--GENERAL INFORMATION | |
| fixed length control field | 101102s2008 njua b 001 0 eng |
| 010 ## - LIBRARY OF CONGRESS CONTROL NUMBER | |
| LC control number | 2010485703 |
| 020 ## - INTERNATIONAL STANDARD BOOK NUMBER | |
| International Standard Book Number | 9780470105832 |
| 040 ## - CATALOGING SOURCE | |
| Original cataloging agency | DLC |
| Transcribing agency | DLC |
| Modifying agency | DLC |
| 041 ## - LANGUAGE CODE | |
| Language code of text/sound track or separate title | eng |
| 042 ## - AUTHENTICATION CODE | |
| Authentication code | pcc |
| 080 ## - UNIVERSAL DECIMAL CLASSIFICATION NUMBER | |
| Universal Decimal Classification number | 51 GAR |
| 082 ## - DEWEY DECIMAL CLASSIFICATION NUMBER | |
| Edition number | 51 GAR |
| 100 1# - Rafti | |
| Rafti | 38 |
| 101 ## - Shkurtesa | |
| Shkurtesa | MAT |
| 245 10 - TITLE STATEMENT | |
| Title | Mathematics for elementary teachers : |
| Statement of responsibility, etc | Gary L. Musser, William F. Burger, Blake E. Peterson. |
| 504 ## - BIBLIOGRAPHY, ETC. NOTE | |
| Bibliography, etc | Includes bibliographical references and index. |
| 906 ## - LOCAL DATA ELEMENT F, LDF (RLIN) | |
| a | 7 |
| b | cbc |
| c | origcop |
| d | 2 |
| e | ocip |
| f | 20 |
| g | y-gencatlg |
| 942 ## - ADDED ENTRY ELEMENTS (KOHA) | |
| Source of classification or shelving scheme | |
| Item type | Books |
No items available.